|
|
|
|
| LEADER |
00686nam a2200157 4500 |
| 008 |
210101b ||||| |||| 00| 0 mal d |
| 020 |
|
|
|a 8126408472
|
| 082 |
|
|
|a 851.08
|
| 245 |
|
|
|a പലത് :
|b വർത്തമാന മലയാള കവിതകൾ /
|
| 246 |
|
|
|a Palathu : varthamana malayala kavithakal
|
| 260 |
|
|
|a കോട്ടയം :
|b ഡി സി ബുക്ക്സ് ,
|c 2004.
|
| 300 |
|
|
|a 64p. ;
|c 21 cm.
|
| 653 |
|
|
|a മലയാളം - കവിത
|
| 942 |
|
|
|2 ddc
|c BK
|
| 999 |
|
|
|c 354223
|d 354223
|
| 952 |
|
|
|0 0
|1 0
|2 ddc
|4 0
|6 851_080000000000000_PAL_M
|7 0
|9 410525
|a UL
|b UL
|c PROC
|d 2021-01-01
|e Donation -I.G.Bhaskara Panikker Family
|o 851.08 PAL M
|p G12179
|r 2021-01-01
|v 38.00
|y BK
|